[Event "Sandefjord CC-ch"]
[Site "Sandefjord"]
[Date "2003.01.13"]
[Round "1"]
[White "Sorensen, Stian"]
[Black "Olsen, Edgar"]
[Result "0-1"]
[WhiteElo "894"]
[BlackElo "1365"]
[PlyCount "80"]
[EventDate "2003.01.??"]
[EventType "swiss"]
[EventRounds "8"]
[EventCountry "NOR"]
[SourceTitle "EXT 2005"]
[Source "ChessBase"]
[SourceDate "2004.11.15"]
[SourceVersion "1"]
[SourceVersionDate "2004.11.15"]
[SourceQuality "1"]

1. Nf3 d5 2. g3 Nf6 3. Bg2 e6 4. 0-0 c5 5. d3 Be7 6. Nbd2 b6 7. e4 Bb7 8. e5 Nfd7 9. c4 Qc7 10. Re1 0-0 11. cxd5 Bxd5 12. Nc4 Nc6 13. Bf4 Rfd8 14. b3 Nf8 15. Qc2 Nd4 16. Nxd4 Bxg2 17. Nb5 Qc6 18. a4 Bh3 19. Ne3 g5 20. Qc4 gxf4 21. Qxf4 Rxd3 22. f3 Ng6 23. Qe4 Qxe4 24. fxe4 Nxe5 25. Kf2 Rd2+ 26. Re2 Nd3+ 27. Kf3 Ne5+ 28. Kf2 Ng4+ 29. Nxg4 Rxe2+ 30. Kxe2 Bxg4+ 31. Ke3 Bg5+ 32. Kd3 Rd8+ 33. Kc4 Be2+ 34. Kc3 Bf6+ 35. Kc2 Bxa1 36. Nc3 Bd3+ 37. Kd2 Bxe4+ 38. Ke3 Rd3+ 39. Kxe4 Rxc3 40. g4 f6 0-1